Najlepiej sprzedające się gry video w historii - Statystyki

Ogólne statystyki
  • Ten quiz został rozwiązany 13 683 razy
    199 od ostatniego zresetowania
  • Średni wynik to 7 z 42
Statystyki odpowiedzi
Lp. Sprzedaż Tytuł Platforma % Poprawnych
1 350,000,000 Minecraft PC, zbyt wiele by wymieniać
88%
2 215,000,000 Grand Theft Auto V PS3, PS4, PS5, Xbox360, XBO, SeriesX, PC
83%
12 60,000,000 Wiedźmin 3: Diziki Gon PC, PS4, PS4, XBO, SeriesX, Switch
45%
3 100,000,000 Tetris GameBoy, zbyt wiele by wymieniać
39%
13 58,000,000 Super Mario Bros NES
38%
9 75,000,000 Red Dead Redemption 2 PS5, SeriesX, PC
34%
36 30,120,000 Pokemon Gold / Silver / Crystal Gameboy Color
29%
7 76,140,000 Pokemon Red / Green / Blue / Yellow GameBoy
29%
40 30,000,000 Cyberpunk 2077 PC, PS4, PS5, XBO, SeriesX, Switch 2
28%
4 82,900,000 Wii Sports Wii
22%
23 40,000,000 Sonic the Hedgehog MegaDrive
17%
6 76.660.000 Mario Kart 8/Mario Kart 8 Deluxe WiiU, Switch
16%
25 37,380,000 Mario Kart Wii Wii
16%
10 70,000,000 The Sims PC
16%
19 41,000,000 Call of Duty: Modern Warfare PC, PS4, XBO
15%
34 30,710,000 Call of Duty Modern Warfare 3 PC, PS3, Xbox360, Wii
15%
24 40,000,000 The Elder Scrolls V: Skyrim PC, PS3, PS4, PS5, Xbox360, XBO, SeriesX, Switch
15%
33 30,720,000 Call of Duty: Black Ops PC, PS3, Xbox360, Wii
12%
38 30,000,000 Call of Duty: Black Ops Cold War PC, PS4, XBO
12%
31 31,000,000 Call of Duty Black Ops II PC, PS3, Xbox360, WiiU
12%
18 43,000,000 Call of Duty Black Ops III PC, PS4, XBO
12%
42 30,000,000 Elden Ring PC, PS5, SeriesX
12%
41 30,000,000 Diablo III PC, PS3, Xbox360, Switch
11%
8 75,000,000 Player's Unknown Battlegrounds PC, XBO, PS4
10%
15 50,000,000 Overwatch PC, PS4, XBO, Switch
8%
20 41,000,000 Stardew Valley PC, PS4, PS5, XBO, SeriesX, Switch
7%
21 40,600,000 World of Warcraft PC
7%
16 47,820,000 Animal Crossing: New Horizons Switch
6%
28 34,510,000 The Legend of Zelda: Breath of the Wild WiiU, Switch, Switch 2
6%
26 36,240,000 Super Smash Bros: Ultimate Switch
4%
27 36,000,000 The Sims 4 PC, PS4, XBO
4%
37 30,000,000 Borderlands 2 PS3, PS4, Xbox360, XBO, PC, Switch
3%
29 34,000,000 Dziedzictwo Hogwartu PC, PS5, SeriesX, Switch
3%
22 40,000,000 Payday 2 PS3, PS4, Xbox360, XBO, Switch, PC
3%
5 79,045,000 Ark: Survival Evolved PC, PS4, XBO, Switch
1%
39 30,000,000 Call of Duty Vanguard PC, PS4, XBO
1%
14 55,000,000 Human: Fall Flat PC, PS4, PS5, XBO, SeriesX, Switch
1%
32 30,800,000 New Super Mario Bros Wii
1%
35 30,320,000 New Super Mario Bros Wii Wii
1%
11 64,000,000 Terreria PC, zbyt wiele by wymieniać
1%
17 43,800,000 Wii Fit / Wii Fit Plus Wii
1%
30 33,140,000 Wii Sports Resort Wii
1%
Nie znaleziono quizów pasujących do podanych kryteriów
Rozkład punktacji
Procent ludzi z każdym wynikiem
Percentyl według liczby udzielonych odpowiedzi
Twoja historia wyników
Nie rozwiązałeś tego quizu od ostatniego zresetowania